Šero /
Psychologicko-kriminální thriller z prostředí seznamovacích aplikací. Kriminalistka Oldřiška se svou partou vyšetřuje záhadné, rituálně provedené vraždy mladých žen.
Uloženo v:
| Série: | Major Oldřiška Milnerová,
část 3 |
|---|---|
| Hlavní autor: | |
| Médium: | Kniha |
| Jazyk: | Czech |
| Vydáno: |
Praha :
Cosmopolis,
2026
|
| Vydání: | První vydání |
| Témata: | |
| Celkem bylo vypůjčeno: | 0x |
| Příbuzné jednotky: | Z cyklu::
Major Oldřiška Milnerová |
| Tagy: |
Žádné tagy |
| LEADER | 02011nam a2200385 i 4500 | ||
|---|---|---|---|
| 001 | 106286 | ||
| 003 | CZ PrNK | ||
| 005 | 20260511110407.0 | ||
| 007 | ta | ||
| 008 | 260415s2026 xr g 000 f cze | ||
| 015 | |a cnb003750988 | ||
| 020 | |a 9788024751122 |q (vázáno) : |c Kč 379,00 | ||
| 040 | |a ABG001 |b cze |d ABA001 |e rda | ||
| 072 | 7 | |a 821.162.3-3 |x Česká próza |2 Konspekt |9 25 | |
| 080 | |a 821.162.3-31 |2 MRF | ||
| 080 | |a (0:82-312.4) |2 MRF | ||
| 100 | 1 | |a Saudková, Sára, |d 1967- |7 xx0003366 |4 aut |9 5251 | |
| 245 | 1 | 0 | |a Šero / |c Sára Saudková |
| 250 | |a První vydání | ||
| 264 | 1 | |a Praha : |b Cosmopolis, |c 2026 | |
| 300 | |a 298 stran ; |c 22 cm | ||
| 336 | |a text |b txt |2 rdacontent | ||
| 337 | |a bez média |b n |2 rdamedia | ||
| 338 | |a svazek |b nc |2 rdacarrier | ||
| 520 | 2 | |a Psychologicko-kriminální thriller z prostředí seznamovacích aplikací. Kriminalistka Oldřiška se svou partou vyšetřuje záhadné, rituálně provedené vraždy mladých žen. |b Kde je hranice mezi sexuální deviací a dávnými traumaty? Případ se komplikuje, jako by pachatel hrál s vyšetřovateli hru. Do příběhu nečekaně vstupuje ztracený deník tajemné ženy, který odkrývá osobní drama a psychický teror. Jsou to jen výmysly bohaté fantazie, nebo neznámá čelí skutečné hrozbě smrti? Času zbývá málo a nad všemi budoucími oběťmi se stahuje těžké, temné šero. Kniha je volným pokračováním detektivních románů Déšť a Ticho. Nakladatelská anotace. | |
| 655 | 7 | |a české romány |7 fd133974 |2 czenas |9 54031 | |
| 655 | 7 | |a detektivní romány |7 fd132010 |2 czenas |9 53536 | |
| 655 | 9 | |a Czech fiction |2 eczenas | |
| 655 | 9 | |a detective novels |2 eczenas | |
| 710 | 2 | |a Cosmopolis (nakladatelství) |7 ko20251277653 |4 pbl |9 117136 | |
| 787 | 0 | 8 | |i Z cyklu: |t Major Oldřiška Milnerová |g 3 |
| 910 | |a UOG502 | ||
| 942 | |2 ddc |c KN | ||
| 999 | |d 106286 | ||
| 993 | |0 0 |1 421180107010 |2 ddc |4 0 |7 0 |9 99653 |b 0 |c 107010 |d 2026-05-11 |e 0 |f DOSP |h 379.00 |i Koupě |l DOSP |r 2026-05-12 |t 6 |w 2026-05-11 |y KN |z KRIMI |n | ||